| 000 | 00840nam a2200217Ii 4500 | ||
|---|---|---|---|
| 003 | JO-AjNU | ||
| 008 | 230605s9999||||xx |||||||||||||| ||und|| | ||
| 017 | _a1971/4397 | ||
| 040 |
_aJO-AjNU _bara _erda _cJO-AjNU |
||
| 041 | _aara | ||
| 050 | 1 | 4 | _aDS36.8.S2512 1971 |
| 100 | 3 |
_aتاليف Sharif، M.M ؛ ترجمة وتقديم شلبي، احمد, _eauthor _934791 |
|
| 245 | 0 | 0 | _aدراسات في الحضارة الاسلامية: الفكر الاسلامي منابغه واثاره، الجزء الأول |
| 250 | _aط3 | ||
| 264 | 3 | 1 | _aالقاهرة: مكتبة النهضة المصرية، 1971 |
| 300 | _aج1، 141ص | ||
| 336 |
_atext _btxt _2rdacontent |
||
| 337 |
_aunmediated _bn _2rdamedia |
||
| 338 |
_avolume _bnc _2rdacarrier |
||
| 650 | 4 |
_aالحضارة الاسلامية- الحضارة العربية _934792 |
|
| 999 |
_aA14300 _c17868 _d17868 |
||